Word Biblical commentary : (Record no. 5189)

MARC details
000 -LEADER
fixed length control field 01081nam a22002897a 4500
003 - CONTROL NUMBER IDENTIFIER
control field AUA.1
005 - DATE AND TIME OF LATEST TRANSACTION
control field 20250929174922.0
008 - FIXED-LENGTH DATA ELEMENTS--GENERAL INFORMATION
fixed length control field 111220t xxu||||| |||| 00| 0 eng d
010 ## - LIBRARY OF CONGRESS CONTROL NUMBER
LC control number 8171768
020 ## - INTERNATIONAL STANDARD BOOK NUMBER
International Standard Book Number 0849908256
040 ## - CATALOGING SOURCE
Transcribing agency FF
050 ## - LIBRARY OF CONGRESS CALL NUMBER
Classification number BS491.2
Item number .W67 2004
245 ## - TITLE STATEMENT
Title Word Biblical commentary :
Remainder of title Song of songs : Lamentations /
Statement of responsibility, etc Duane Garret; Paul R. House.
260 ## - PUBLICATION, DISTRIBUTION, ETC. (IMPRINT)
Place of publication, distribution, etc Nashville :
Name of publisher, distributor, etc Thomas Nelson,
Date of publication, distribution, etc c2004.
300 ## - PHYSICAL DESCRIPTION
Extent xiv, 478 p. :
Dimensions 24 cm.
440 ## - SERIES STATEMENT/ADDED ENTRY--TITLE
Title Word Biblical commentary :
Number of part/section of a work v.23B
9 (RLIN) 48962
504 ## - BIBLIOGRAPHY, ETC. NOTE
Bibliography, etc Include bibliography and index.
650 ## - SUBJECT ADDED ENTRY--TOPICAL TERM
Form subdivision Song of Songs
General subdivision Bible
Chronological subdivision Commentaries
9 (RLIN) 18001
650 ## - SUBJECT ADDED ENTRY--TOPICAL TERM
Form subdivision Lamentations
General subdivision Bible
Chronological subdivision Commentaries
9 (RLIN) 48967
700 ## - ADDED ENTRY--PERSONAL NAME
Personal name Garrett, Duane
9 (RLIN) 18002
Relator term Song of Songs
700 ## - ADDED ENTRY--PERSONAL NAME
Personal name House, Paul R
Relator term Lamentations
9 (RLIN) 48968
700 ## - ADDED ENTRY--PERSONAL NAME
Personal name Watts, John D.W.
Relator code Old Testament ed.
9 (RLIN) 48963
700 ## - ADDED ENTRY--PERSONAL NAME
Personal name Watts, James W.
Relator code Old Testament ed.
9 (RLIN) 48964
700 ## - ADDED ENTRY--PERSONAL NAME
Personal name Martin, Ralph P.
Relator code New Testament ed.
9 (RLIN) 48965
700 ## - ADDED ENTRY--PERSONAL NAME
Personal name Losie, Lynn Allan
Relator code New Testament ed.
9 (RLIN) 48966
942 ## - ADDED ENTRY ELEMENTS (KOHA)
Source of classification or shelving scheme Library of Congress Classification
Koha item type Reference Book
Classification part BS 491.2
Item part .W67 2004
Holdings
Withdrawn status Lost status Source of classification or shelving scheme Damaged status Not for loan Collection code Home library Current library Shelving location Date acquired Source of acquisition Cost, normal purchase price Serial Enumeration / chronology Total Checkouts Full call number Barcode Date last seen Copy number Cost, replacement price Price effective from Koha item type
    Library of Congress Classification     Reference Shelves Judith Thomas Library Judith Thomas Library Reference Books 20/12/2011 Donation, Biblical Research Institute 25.00 AUA006005   BS 491.2 .W67 2004 AUA006005 20/12/2011 v.23B 25.00 20/12/2011 Reference Book